Discurso pronunciado en el XII certamen literario de Castellón de la Plana (Record no. 61639)

MARC details
000 -LEADER
campo de control de longitud fija 00586nam a2200157 i 4500
001 - NÚMERO DE CONTROL
campo de control 61639
003 - IDENTIFICADOR DE NÚMERO DE CONTROL
campo de control ES-MaACL
005 - FECHA Y HORA DE LA ÚLTIMA TRANSACCIÓN
campo de control 20230906164516.0
007 - CAMPO FIJO DE DESCRIPCIÓN FÍSICA--INFORMACIÓN GENERAL
campo de control de longitud fija t|
008 - DATOS DE LONGITUD FIJA--INFORMACIÓN GENERAL
campo de control de longitud fija 031113s1956 sp ||||1| spa d
100 1# - ENTRADA PRINCIPAL--NOMBRE DE PERSONA
Nombre de persona Fabregat Martí, Benjamín.
9 (RLIN) 48568
245 13 - MENCIÓN DEL TÍTULO
Título Discurso pronunciado en el XII certamen literario de Castellón de la Plana
Resto del título : La fe en la patria es un supremo amor /
Mención de responsabilidad, etc. por su mantenedor Benjamín Fabregat Martí.
260 ## - PUBLICACIÓN, DISTRIBUCIÓN, ETC.
Lugar de publicación, distribución, etc. Castellón de la Plana :
Nombre del editor, distribuidor, etc. [s.n.,
Fecha de publicación, distribución, etc. 1956] (
Fabricante Hijos de F. Armengot)
300 ## - DESCRIPCIÓN FÍSICA
Extensión 36 p. ;
Dimensiones 21 cm.
852 ## - LOCALIZACIÓN
Ubicación ES-MaACL
Número de control de estantería 1996-F-2
Sublocalización o colección R.39640
Holdings
Estatus retirado Estado de pérdida Estado de daño No para préstamo Colección Biblioteca de origen Biblioteca actual Ubicación en estantería Fecha de adquisición Fuente de adquisición Total de préstamos Signatura topográfica completa Código de barras Visto por última vez Precio de reemplazo Tipo de ítem Koha
        Colección de folletos Biblioteca del Ateneo de Madrid Biblioteca del Ateneo de Madrid Depósito folletos 17/01/2008     1996-F-2 1064631 23/02/2023 23/02/2023 Folleto